000
00313nam a22001337a 4500
008
170926b xxu||||| |||| 00| 0 eng d
020
_a
9780534646738
041
_a
eng
080
_a
37
100
_a
46
101
_a
EDU
245
_a
STEP BY STEP TO COLLEGE AND CAREER SUCCESS
_c
GARDNER, J.N
942
_2
udc
_c
BK
999
_c
29916
_d
29916